00473nam a22001577a 450000500170000001000170001702000250003403500170005903700180007624500250009426000540011927000570017330000360023049000230026650000260028920110210120817.0 aB-444376-414 a9788179040362c40.00 aB-444376-414 bBlueberry/Ven aPrincess and the Pea aChennai bApple Publishing International c(201?) a130, Nelson Manickam Road, Aminjikarai,bChennaie29 aunpaged bcol. ill.c26cm(pbk)  aTales for all time aAnimal moral stories